000 01083nam a2200229Ia 4500
001 17954
003 GE_BSU
008 181216s||||||||xx |||||||||||||| ||und||
040 _cGE_BSU
080 _a811.353.1(092)
100 _aფოცხიშვილი, ალექსანდრე
245 _aპოლემიკა ანტონ ბაგრატიონის (ანტონ პირველის) გარშემო
245 _cრედ.: ა. ონიანი.
260 _aთბილისი
260 _bმეცნიერება
260 _c1990
300 _a110 გვ. ; 21 სმ.
541 _h20 თ.
653 _aპოლემიკა ანტონ ბაგრატიონის (ანტონ პირველის) გარშემო
653 _aსაქართველოს კათალიკოსები; საქართველოს მართლმადიდებლური ეკლესია; ქართველი მეცნიერები
942 _cBK
999 _c50997
_d50997